000 00498nam a22001697a 4500
003 BD-ChCU
005 20251207134338.0
008 251207b bg ||||| |||| 00| 0 ben d
040 _cBD-ChCU
082 _a200 KES
100 _aSteere , Douglas V.
_917598
245 _aThomas R. Kelly a testament of mevotion :
_bwith a biographical Memoir ./
_cV. Douglas , Steere.
260 _aLondon :
_bFriends home ,
_cC 1949
300 _a96p
650 0 _aKelly , Thomas R.
_917600
942 _2ddc
_cBK
_n0
999 _c110184
_d110184